[Event "32nd Reykjavik Open 2017"]
[Site "Reykjavik"]
[Date "2017.04.27"]
[Round "10"]
[White "Kleinman, Michael"]
[Black "Blomqvist, Erik"]
[Result "0-1"]
[WhiteElo "2289"]
[BlackElo "2548"]
[Annotator "TA"]
[PlyCount "96"]
[EventDate "2017.??.??"]
[EventType "swiss"]
[EventCountry "ISL"]
[SourceTitle "playchess.com"]
[Source "ChessBase"]
[SourceQuality "1"]

{[%evp 20,96,33,22,22,17,28,25,39,22,23,18,27,28,25,22,16,0,0,0,0,-7,-22,-79,-69,-82,-16,-106,-52,-162,-96,-97,0,0,18,18,18,14,18,23,8,18,37,0,0,0,0,0,0,0,0,0,0,0,0,-10,0,-10,-10,-23,-17,-28,-30,-43,-23,-23,-36,-25,-26,-170,-60,-60,-60,-60,-63,-223,-208,-1250,-1224]} 1. e4 e5 2. Nf3 Nc6 3. Bb5 a6 4. Ba4 Nf6 5. O-O Be7 6. Re1 b5 7. Bb3 d6 8. c3 O-O 9. h3 Bb7 10. d4 Nd7 11. Nbd2 exd4 {C92: Closed Ruy Lopez: 9...Be6, Karpov and Flohr-Zaitsev Variations} 12. cxd4 Bf6 13. Nf1 Na5 {[%cal Bc6a5,Ba5c4,Bc4a3][%mdl 32] White has an edge.} 14. Bc2 Re8 15. Ng3 (15. Rb1 c5 16. d5 Nc4 17. b3 Nce5 18. N3h2 Ng6 19. Ne3 {1-0 (54) Anand,V (2776)-Mamedyarov,S (2761) Moscow 2016}) 15... g6 $1 16. Bh6 Nc4 17. b3 Na3 18. Bd3 c5 19. Qc1 b4 $146 20. Qf4 (20. e5 dxe5 21. d5 (21. dxc5 Rc8 22. Ne4 Bxe4 23. Bxe4 Nxc5 $17) 21... Nb5 $17) 20... cxd4 21. Bg5 (21. Qxd6 $11 Ne5 22. Qxd8 Nxf3+ 23. gxf3 Rexd8 24. e5) 21... Bxg5 $17 22. Nxg5 Qf6 (22... Ne5 $17 23. Rad1 Rc8) 23. Qh4 (23. Qxf6 $11 {keeps the balance.} Nxf6 24. Nf3) 23... Qg7 ({Black should play} 23... h5 $17 24. Rad1 Nc5) 24. f4 (24. Rac1 $15 Nc5 25. Red1) 24... Nc5 (24... Rac8 $19 25. Rad1 h6) 25. Rad1 f6 (25... h6 $17 26. Nf3 Rac8) 26. Nf3 $11 f5 (26... Nb5 $5 {seems wilder.} 27. f5 Kh8 28. Bxb5 axb5 29. Nxd4 Rxa2 30. Qf4 Re5) 27. exf5 {Hoping for f6.} Bxf3 $1 28. gxf3 Nxd3 29. Rxe8+ Rxe8 30. Rxd3 Nc2 31. f6 Qc7 {...Ne1 is the strong threat.} 32. Ne4 {Threatens to win with Ng5.} Ne3 {[#]} 33. f7+ $1 {[%mdl 512]} Qxf7 {White must now prevent ...Rf8.} 34. Nf6+ ({Wrong is} 34. Rxd4 $2 Nf5 35. Qf2 Nxd4 36. Qxd4 Rf8 37. Nxd6 Qxf4 38. Qxf4 Rxf4 $19) ({But not} 34. Nxd6 $2 Qc7 $1 {[%mdl 512]} 35. Nc4 (35. Nxe8 {leads to mate.} Qc1+ 36. Kh2 Qc2+ 37. Rd2 Qxd2+ 38. Qf2 Qxf2+ 39. Kh1 Qg2#) 35... Nxc4 36. bxc4 Qxc4 $19) 34... Kg7 35. Nxe8+ Qxe8 {[%mdl 4096] Endgame KQR-KQN} 36. Qe1 Qc6 37. Kf2 Qc5 38. Qd2 Nf5 39. Kg2 a5 40. Qf2 Kf7 41. Kh2 Ke6 {[%mdl 1024] Black has compensation.} 42. Rd2 Ne3 43. Qe2 Kf7 44. Qf2 {[#]} (44. Kg1 $11) 44... Qc3 (44... d3 $1 $19 {[%mdl 512]} 45. Qe1 (45. Rxd3 Ng4+) 45... Qd4) 45. Re2 $15 Qd3 $36 {[%mdl 2048] White is under pressure.} 46. Re1 Qf5 47. Rc1 $2 ({White should try} 47. Kg3 $15) 47... Qxf4+ $19 48. Qg3 $2 (48. Kg1) 48... Qxg3+ 0-1